| 000 | 00652nam a22001937a 4500 | ||
|---|---|---|---|
| 003 | OSt | ||
| 005 | 20250730061921.0 | ||
| 008 | 250730b |||||||| |||| 00| 0 eng d | ||
| 020 | _a9789719209560 | ||
| 040 |
_aDWCL-Main lib _cOC |
||
| 082 | _aSC. 959.9046 S231a 2007 | ||
| 100 | _aSantiaga, Maria Lina A. | ||
| 245 |
_aAraneta : _b a love affair with God and country/ _cMaria Lina a. Santiago |
||
| 260 |
_a Quezon City : _b Sahara Heritage Foundation, _cc2007. |
||
| 300 |
_a436 pages : _b illustrations ; _c26 cm. |
||
| 650 | _a1. Araneta framily--Political activity. | ||
| 650 | _a2. Philippines--History--1898. | ||
| 942 |
_2ddc _cSC _kSC. _n0 |
||
| 999 |
_c3903 _d3903 |
||